000 00463nam a2200169 i 4500
001 129475
003 ES-MaACL
005 20230906193516.0
007 t|
008 070615s1908 fr ||||1| fre d
100 1 _aThédenat, Henry.
_9109886
245 1 3 _aLe forum romain et les forums impériaux /
_cHenry Thédenat.
250 _a4ª ed.
260 _aParís :
_b[Labure],
_c1908.
300 _aXII, 454 p. :
_bil. ;
_c19 cm.
852 _aES-MaACL
_jF-6654
999 _c129475
_d129475